Movies Quiz

Random Movies or Clickable Quiz

Fill-in-the-Blank Movie Names II Quiz Stats

Quiz Updated May 23, 2015

Challenge
Share
Tweet
Embed
Score 0/40 Timer 04:00
3 Plays Today
% Correct
Alice
96.3%
Nemo
96.1%
Alvin
95.7%
Charlie
94.8%
Charlotte
94.6%
Bill
93.9%
Bruce
93.8%
Max
92.5%
Willy
92.4%
Malcolm
89.9%
Thelma
89.5%
Daisy
89.4%
Gilmore
88.6%
Conan
87.7%
Harry
86.9%
Helen
85.8%
Jack
85.1%
Ella
84.5%
Jane
83.6%
Arthur
83.5%
% Correct
Bernie
81.9%
Herbie
81.8%
Harold
81.8%
Freddy
81.7%
Chucky
81.4%
Johnny
81.4%
Ted
81.3%
Albert
81.3%
Vinny
80.1%
Dudley
74.7%
Stella
73.7%
Harriet
73.1%
Priscilla
71.5%
Anna
69.3%
Marilyn
69.1%
Nick
68.9%
Jay
67.4%
Michele
66.6%
Ernest
62.4%
Kiki
54.6%

You're not logged in!

Compare scores with friends on all Sporcle quizzes.
Join for Free
OR
Log In

You Might Also Like...

Show Comments

Extras

Top Quizzes Today


Score Distribution

Your Account Isn't Verified!

In order to create a playlist on Sporcle, you need to verify the email address you used during registration. Go to your Sporcle Settings to finish the process.

Report this User

Report this user for behavior that violates our Community Guidelines.

Details: